00286nam a22001097a 4500020001800000082001500018100001600033245006100049260003300110300000800143650002500151 a81-86791-39-6 a001.42 ALE aAleaz, P.K. aA Christian Response to the Hindu Philosophical systems  aKolkatabPunthi Pustakc2003 a344 aResearch-Methodology